Statistiques concernant Les villae visitables du Sud-Ouest de la France

Cliquez ici pour prendre le quiz!

Statistiques générales

  • Ce quiz a été pris 2 fois
  • Le résultat moyen est 11 sur 16

Statistiques - réponses

DépartementNom% Correct
Pyrénées-AtlantiquesLalonquette
100%
Pyrénées-AtlantiquesLalonquette
100%
Haute-GaronneMontmaurin
100%
Haute-GaronneMontmaurin
100%
GersMontréal
100%
GirondePlassac
100%
GirondePlassac
100%
GersSeviac
100%
LandesBarat-de-Vin
50%
GirondeLoupiac
50%
GirondeSaint-Romain
50%
LandesSordes-l'Abbaye
50%
Haute-GaronneValentine
50%
Haute-GaronneValentine
50%
DordogneMontcaret
0%
DordogneMontcaret
0%

Distribution des résultats

Percentile par nombre de réponses

% des personnes avec chaque résultat

Votre développement - résultats

Vous n’avez pas pris ce quiz